| 000 | 00573nac a22001451u 4500 | ||
|---|---|---|---|
| 008 | 080827s1945Ua|||||r|||| 000 0 ara d | ||
| 082 |
_a243 _bط و ي |
||
| 110 |
_aAl Gameya Al Falsafeya Al Masreya _917192 |
||
| 245 |
_aالتنبؤ بالغيب : _bعند مفكرى الإسلام/ _c توفيق الطويل |
||
| 260 |
_a[القاهرة]: _bدار احياء الكتب العربية،1945 _c1945. |
||
| 300 |
_a174 ص؛ _c24 سم |
||
| 490 |
_917193 _aالجمعية الفلسفية المصرية |
||
| 541 |
_aالف باء _cشراء |
||
| 942 |
_cBB _k243 ط و ي _2ddc |
||
| 999 |
_c6727 _d6727 |
||